| 000 | 00787nab a2200241 u 4500 | ||
|---|---|---|---|
| 001 | 21200 | ||
| 003 | HDC | ||
| 007 | cr bn ---aaaaa | ||
| 008 | 210307c20101118xx dr|noo 0 a eng d | ||
| 040 | _aHDC | ||
| 245 | 0 | _aUK: WHF Europe Strengthens Int'l Alliance on Halal Accreditation | |
| 300 | _a1 online resource | ||
| 336 |
_atext _2rdacontent |
||
| 337 |
_acomputer _2rdamedia |
||
| 338 |
_aonline resource _2rdacarrier |
||
| 650 |
_ahalal accreditation _97868 |
||
| 650 |
_aWorld Halal Forum Europe 2010 _918809 |
||
| 710 | _aHalal Focus | ||
| 856 | _zRequest full-text at [email protected] | ||
| 942 | _2lcc | ||
| 942 | _cNEWS | ||
| 942 | _kNWSO 006504 | ||
| 999 |
_c18516 _d18516 |
||